Score 0/20 Timer 04:00
0 Plays Today
Movie Missing Word % Correct
Honey I Blew Up the ____Kid
95.5%
Up ____ & PersonalClose
94.6%
Black ____ DownHawk
93.6%
The Rescuers Down ____Under
90.8%
Down and ____ in Beverly HillsOut
88.9%
Up in the ____Air
88.5%
What's Up, ____?Doc
88.3%
Bringing Up ____Baby
77.3%
Picking Up the ____Pieces
70.1%
Pump Up the ____Volume
65.5%
Movie Missing Word % Correct
____ House DownWhite
61.7%
____ Down the HouseBringing
61.3%
Down to ____Earth
51.4%
Never ____ DownBack
50.8%
Up in ____Smoke
50.3%
____ Up 2: The StreetsStep
49.1%
____ Down BelowFire
27.6%
Down With ____Love
24.5%
Down in the ____Valley
18.8%
From Up on ____ HillPoppy
5.9%

Today's Daily Dose

Remove Ads.
Support Sporcle.
Get the best of Sporcle when you Go Orange. This ad-free experience offers more features, more stats, and more fun while also helping to support Sporcle. Thank you for becoming a member.

You're not logged in!

Compare scores with friends on all Sporcle quizzes.
OR
Log In

Show Comments

Extras

Top Quizzes Today


Score Distribution

Your Account Isn't Verified!

In order to create a playlist on Sporcle, you need to verify the email address you used during registration. Go to your Sporcle Settings to finish the process.

Report this User

Report this user for behavior that violates our Community Guidelines.

Details: